驻地最靠北的20个县级行政区 The 20 northernmost county-level administrative regions - Statistics

General Stats
  • This quiz has been taken 56 times
  • The average score is 14 of 20
Answer Stats
东经 北纬 县区 % Correct
122.53 52.97 漠河市
100%
121.51 50.78 根河市
95%
117.37 49.60 满洲里市
92%
119.82 49.23 海拉尔区
82%
120.71 49.28 牙克石市
79%
123.72 50.59 鄂伦春自治旗
74%
127.49 50.25 爱辉区
74%
120.17 50.24 额尔古纳市
74%
126.64 51.72 呼玛县
71%
124.70 52.33 塔河县
68%
126.20 48.51 五大连池市
66%
127.33 49.42 孙吴县
61%
119.42 49.33 陈巴尔虎旗
61%
125.21 49.18 嫩江市
61%
128.47 49.56 逊克县
58%
117.66 49.51 扎赉诺尔区
58%
116.82 48.67 新巴尔虎右旗
55%
124.51 48.48 莫力达瓦达斡尔族自治旗
55%
119.75 49.14 鄂温克族自治旗
45%
130.39 48.89 嘉荫县
32%
No matching quizzes found
Score Distribution
Percent of People with Each Score
Percentile by Number Answered
Your Score History
You have not taken this quiz